000 00999cam a2200325 i 4500
001 AKL8030BB
003 EG-ScBUE
005 20221129102554.0
008 780308s1961 enka f 000 0 eng d
035 _a(InU)AKL8030BB
035 _a(OCoLC)ocm03695074
040 _aDLC
_beng
_erda
_cVVB
_dVVB
_dSER
_dIUP
_dEG-ScBUE
082 0 4 _a572
_222
_bBAR
100 1 _aBarnett, S. A.
_q(Samuel Anthony),
_d1915-2003,
_eauthor.
245 1 4 _aThe human species :
_ba biology of man /
_cAnthony Barnett.
250 _aRevised edition.
264 1 _aMiddlesex :
_bPenguin Books,
_c1961.
300 _a354 pages
_billustrations ;
_c19 cm
336 _2rdacontent
_atext
_btxt
337 _2rdamedia
_aunmediated
_bn
338 _2rdacarrier
_avolume
_bnc
650 7 _aAnthropology.
_2BUEsh
650 7 _aPhysical anthropology.
_2BUEsh
650 7 _aHuman biology.
_2BUEsh
653 _bGGEN
_cNovember2022
655 _vReading book
942 _2ddc
_cBB
998 _c8/31/1998
999 _c30053
_d30024